000 00338 a2200157 4500
001 61083
020 _a0521628598
040 _cAnchieta - Pituba
100 _aHull, Jonathan
240 1 0 _aNew interchange 2
_leng
245 1 0 _aNew interchange 2
300 _a96
362 0 _a1998
650 4 _aInglês e inglês antigo
942 _cBK
999 _c61083
_d61083